Que sus faldas son ciclones : representación literaria contemporánea del lesbianismo en lengua inglesa /

Detalles Bibliográficos
Otros Autores: García Rayego, Rosa, 1953- (Editor), Sánchez Gómez, María Soledad (Editor)
Formato: Electrónico eBook
Lenguaje:español
Publicado: Barcelona ; Madrid : Editorial Egales, [2008]
Colección:Colección G.
Materias:
Acceso en línea:Digitalia Hispánica

MARC

LEADER 00000nam a2200000Ii 4500
001 DIGEGALES0173
003 NyNyDIG
006 m o d
007 cr |||||||||||
008 241203s2008 sp ob 000 0 spa d
035 |a (OCoLC)1245767143 
040 |a DGITA  |b eng  |e rda  |e pn  |c DGITA 
020 |a 9788415899303  |q eBook 
020 |z 9788488052803 
043 |a n-us---  |a e-uk--- 
050 1 4 |a PS153.L46 ebook 
245 0 0 |a Que sus faldas son ciclones :  |b representación literaria contemporánea del lesbianismo en lengua inglesa /  |c Rosa García Rayego, Ma. Soledad Sánchez Gómez (eds.). 
246 3 0 |a Representación literaria contemporánea del lesbianismo en lengua inglesa 
264 1 |a Barcelona ;  |a Madrid :  |b Editorial Egales,  |c [2008] 
300 |a 1 online resource. 
336 |a text  |b txt  |2 rdacontent 
337 |a computer  |b c  |2 rdamedia 
338 |a online resource  |b cr  |2 rdacarrier 
347 |a text file  |2 rdaft 
347 |b EPUB 
490 1 |a G 
504 |a Includes bibliographical references. 
588 0 |a Online resource; title from ePub title page (Digitalia, viewed December 3, 2024) 
650 0 |a Lesbians' writings, American  |x History and criticism. 
650 0 |a Lesbians' writings, English  |x History and criticism. 
650 0 |a Women and literature  |z English-speaking countries  |x History. 
650 0 |a Lesbians in literature. 
700 1 |a García Rayego, Rosa,  |d 1953-  |e editor. 
700 1 |a Sánchez Gómez, María Soledad,  |e editor. 
791 2 |a Digitalia (Firm),  |e distributor. 
793 0 |g Digitalia eBook Collection:  |a Editorial Egales 
776 0 8 |i Print version:  |t Que sus faldas son ciclones.  |d Barcelona ; Madrid : Editorial Egales, [2008]  |z 9788488052803 
830 0 |a Colección G. 
856 4 0 |3 Digitalia Hispánica  |u https://www.digitaliapublishing.com/a/160866/ 
910 |a Premium collection: 2024